|
|
|
|
| LEADER |
00807pam a22002298a 4500 |
| 001 |
00038406 |
| 005 |
20180308100351.0 |
| 008 |
170515s2005 ||||||Viesd |
| 041 |
0 |
# |
|a Vie
|
| 082 |
1 |
4 |
|a 658.15
|b T103CH
|
| 100 |
1 |
# |
|a Trần, Ngọc Thơ
|
| 245 |
1 |
0 |
|a Tài chính doanh nghiệp hiện đại
|c Trần Ngọc Thơ chủ biên...[và những người khác]
|
| 260 |
# |
# |
|a H.
|b Thống kê
|c 2005
|
| 300 |
# |
# |
|a 856 tr.
|c 29 cm
|
| 653 |
# |
# |
|a Doanh nghiệp
|
| 653 |
# |
# |
|a Tài chính
|
| 653 |
# |
# |
|a Kinh tế
|
| 852 |
# |
# |
|b Kho mượn
|j KM.0021631
|
| 852 |
# |
# |
|j KM.0021631
|j KD.0020583
|j KM.0024533
|j KM.0026749
|
| 852 |
# |
# |
|b Kho đọc
|j KD.1001407, KD.0020583
|
| 910 |
|
|
|d 15/05/2017
|
| 980 |
# |
# |
|a Trung tâm Học liệu Lê Vũ Hùng, Trường Đại học Đồng Tháp
|